| 000 | 00368 a2200169 4500 | ||
|---|---|---|---|
| 001 | 182084 | ||
| 020 | _a85-16-03595-6 | ||
| 040 | _cMagnum | ||
| 100 | _aPellegrini, Domingos | ||
| 240 | 1 | 0 |
_aAs batalhas do castelo _lpor |
| 245 | 1 | 0 | _aAs batalhas do castelo |
| 300 | _a207 | ||
| 362 | 0 | _a2003 | |
| 440 | 1 | _aModerna | |
| 697 | _aLITERATURA JUVENIL | ||
| 942 | _cBK | ||
| 999 |
_c182084 _d182084 |
||